000 01061nam a2200277Ia 4500
003 OSt
005 20220923211228.0
006 a|||||r|||| 00| 0
007 ta
008 220922b |||||||| |||| 00| 0 san d
020 _a9788171106479 (hbk)
_c300
024 _a353,075
037 _b257, 18/12/2019, Eastern Book Linkers
_cTextual
040 _aARTS
_cARTS
_bsan
041 _2san
_asan
082 _aO15,1N41,UD, 152Q9
100 _aशुक्ल, सत्यानन्द, ले.
245 0 _aउदात्तकर्णम् महाकाव्यम्
246 _aUdāttakarṇam hinākāvyam
260 _aदिल्ली
_b परिमल पब्लिकेशन्स
_c2019
300 _a195पृ0
_ccm.
650 _a संस्कृत साहित्य
650 _aसंस्कृत कविता
_9156350
942 _hO15,1N41,UD, 152Q9
_cTEXL
_2CC
999 _c297305
_d297305